000
00361nam a2200133Ia 4500
008
230411s9999 xx 000 0 und d
041
_a
eng
082
_a
F/610.73/WAL/B00530
100
_a
Walsh Mike
_9
176309
245
_a
Watsons Clinical Nursing and Related Sciences
260
_b
Bailliere
_a
Edinburgh
_c
2002
300
_a
1038p
999
_c
151997
_d
151997